Volebné zasadnutie výboru Slovenskej farmaceutickej spoločnosti

Bibliographic Details
Main Author: Čižmárik, Jozef, 1943- (Author)
Format: Article
Language:Slovak
ISSN:1210-7816
Subjects:

MARC

LEADER 00000nab a2200000 a 4500
001 vtls000589452
003 SK-MaSNL
005 20260303190118.0
008 220422c1995 xo 0 slo
015 |a SNBRB19rr/mm-uuuuu 
035 |a CL0589591 
040 |a SNKBUCL  |b slo  |c SNKBUCL  |e AACR2 
041 0 |a slo 
044 |a xo  |c SK 
080 |a 615:061.22(437.6):061.3  |2 1981 
100 1 |a Čižmárik, Jozef,  |d 1943-  |4 aut  |9 106710 
245 1 0 |a Volebné zasadnutie výboru Slovenskej farmaceutickej spoločnosti  |c Jozef Čižmárik 
610 2 7 |a Slovenská farmaceutická spoločnosť  |2 snkbucl  |9 105509 
655 7 |a články z novín a časopisov  |2 snkbucl  |9 267496 
773 0 |t Česká a slovenská farmacie  |g Roč. 44, č. 4 (1995), s. 220-221  |x 1210-7816 
850 |a Slovenská národná knižnica v Martine  |a MTA001 
852 |a SNK  |b KIS3GCP 
958 |a RK 
958 |a ME 
958 |a SK 
958 |a NX 
992 |a RBX 
999 |c 2134591  |d 2136521